00767 2200217 4500001002100000005001700021008004100038035002400079040001200103082001200115084001800127090002100145100001300166245016000179260006500339300005300404500002800457650003400485852001200519990001800531YOGYA-0213000000068720160909090050.0 ind  0010-021300000000687 aYOPDYOG a649.123 a649.123 Mas E aSK 649.123 Mas E aMasruroh aEvaluasi kepatuhan petugas kesehatan dalam menggunakan bagan manajemen terpadu balita (MTBS) di Puskesmas Mlati II dan Puskesmas Kalasan, Sleman tahun 2004 aYogyakarta :bSekolah Tinggi Ilmu Kesehatan Aisyiyah ,c2005 aX , 56 , (130) lbr . ;bilus . , lamp . ;c29 cm aSkripsi Stikes Aisyiyah aAnak balita - Aspek Kesehatan aYOPDYOG a43142.PD/A.12